Theories of distributive justice

Αποθηκεύτηκε σε:
Λεπτομέρειες βιβλιογραφικής εγγραφής
Κύριος συγγραφέας: Roemer, John E.
Μορφή: Βιβλίο
Γλώσσα:English
Δημοσίευση: Cambridge, Mass : Harvard University Press, 1996
Θέματα:
Ετικέτες: Προσθήκη ετικέτας
Δεν υπάρχουν, Καταχωρήστε ετικέτα πρώτοι!

MARC

LEADER 00000cam a2200000 i 4500
001 1/2489
008 091216s1996 eng d
020 |a 0-674-87920-1 (pbk.) 
035 |l 10106028 
040 |a GR-MY-UA  |b gre  |e aacr 
041 0 |a eng 
082 0 |a 339.2  |2 (22) 
100 1 |a Roemer, John E. 
245 1 0 |a Theories of distributive justice /  |c John E. Roemer 
260 |a Cambridge, Mass :   |b Harvard University Press,   |c 1996 
300 |a ix, 342 σ.;  |b σχέδια;  |c 24 εκ. 
504 |a Βιβλιογραφία: σ. [323]-330 
504 |a Ευρετήριο: σ. [331]-342 
650 0 0 |a Income distribution  |x Mathematical models. 
650 0 0 |a Distributive justice  |x Mathematical models. 
650 0 0 |a Welfare economics  |x Mathematical models. 
852 |a INST  |b LESVOS  |e 20091216  |h 339.2 ROE  |p 005100045890  |q 005100045890  |t BK  |y 0 
901 |a BIBL1-2009-4 
909 |a Λ  |b 160032 
970 |a ΓΙΑΛΑΜΑ  |b ΜΑΡΙΑ  |z 2009/12/16